| 000 | 00553cam a22002172a 4500 | ||
|---|---|---|---|
| 001 | 013449 | ||
| 003 | AR-FADEU | ||
| 008 | 311216n1952####xxu####################dd | ||
| 092 |
_a928 _bS23 |
||
| 100 | _aStrong, L. A. G. | ||
| 245 | _aJohn Masefield | ||
| 260 | _aLondon | ||
| 260 | _bLongmans, Green | ||
| 260 | _c1952 | ||
| 300 | _a47 p. : il | ||
| 440 |
_aSupplement to british book news, bibliographical _n24 |
||
| 500 | _aIncludes bibliography | ||
| 650 | _aMASEFIELD, JOHN-BIOGRAFIA; BIOGRAFIAS | ||
| 546 | _aInglés | ||
| 942 | _cBDGR | ||
| 999 |
_c19216 _d19216 |
||